Villes du Jura en images - Statistiques

Statistiques générales
  • Ce quiz a été pris 95 fois
  • Le résultat moyen est 8 sur 18
Statistiques - réponses
Par images Hint Réponse % Correct
D Dole
93%
L Lons-le-Saunier
86%
A Arbois
68%
P Poligny
65%
S Saint-Claude
56%
T Tavaux
56%
C Champagnole
52%
H (M) Hauts-de-Bienne (Morez)
50%
C Clairvaux-les-Lacs
43%
M Moirans-en-Montagne
43%
C Château-Chalon
37%
M Morbier
37%
S Salins-les-Bains
37%
O Orgelet
27%
L Les Rousses
20%
M Mouchard
19%
S Saint-Amour
18%
B Bletterans
14%
Aucun quiz correspondant
Distribution des résultats
% des personnes avec chaque résultat
Percentile par nombre de réponses
Votre historique - résultats
Vous n’avez pas pris ce quiz